000 00611nai a2200181Ia 4500
003 IN-BaIIA
008 211028c9999 xx s 000 0 eng d
022 _a1869-2672 (Print)
022 _a1869-2680 (Online)
040 _cIIA Library
245 0 _aGEM - International Journal on Geomathematics
_h[eJournal]
260 _aHeidelber, Germany
_bSpringer Berlin Heidelberg
310 _aAnnually
362 _a1(1); 2010 - Present
521 _bSubscribed through National Knowledge Resource Consortium (NKRC)
856 _uhttps://www.springer.com/journal/13137
_yClick Here to Access eJournal
942 _cEJ
999 _c34408
_d34408